MARC

LEADER 00000nam0a2200000 4500
001 370515
005 20231102012304.0
035 |a (RuTPU)RU\TPU\retro\27924 
090 |a 370515 
100 |a 20220707d1978 km y0rusy50 ca 
101 0 |a rus 
102 |a RU 
105 |a a z 001zy 
200 1 |a Почвообразование и выветривание в гумидных ландшафтах  |e сборник  |f Академия наук СССР, Институт географии 
210 |a Москва  |c Наука  |d 1978 
215 |a 215 с.  |c ил. 
320 |a Библиография в конце статей 
606 1 |a Почвообразование  |x Почвоведение  |2 stltpush  |3 (RuTPU)RU\TPU\subj\51012  |9 69624 
610 1 |a внутрипочвенное выветривание 
610 1 |a хелювиальная обстановка 
610 1 |a элювиально-глеевая обстановка 
610 1 |a Западная Грузия 
610 1 |a горные пояса 
610 1 |a гумусовые почвы 
610 1 |a слоистые силикаты 
610 1 |a стадийная трансформация 
610 1 |a макроморфологическая диагностика 
610 1 |a мезоморфологическая диагностика 
610 1 |a Прибалтика 
610 1 |a двучленные отложения 
610 1 |a Западная Сибирь 
610 1 |a второй гумусовый горизонт 
610 1 |a генезис 
610 1 |a эволюция 
610 1 |a тайга 
610 1 |a заболачивание 
610 1 |a голоцен 
610 1 |a почвенный покров 
675 |a 631.4  |v 4 
712 0 2 |a Академия наук СССР  |b Институт географии  |c (Москва)  |c (1936-1991)  |2 stltpush  |3 (RuTPU)RU\TPU\col\11388  |9 25083 
801 1 |a RU  |b 63413507  |c 20220707 
942 |c BK